The economics of rights, Co-operation and welfare

This is a new edition - with a substantial new introduction - of a book which has had a significant impact on economics, philosophy and political science. Robert Sugden shows how conventions of property, mutual aid, and voluntary supply of public goods can evolve spontaneously out of the interaction...

Descripción completa

Guardado en:
Detalles Bibliográficos
Autor principal: Sugden, Robert
Formato: Libro
Lenguaje:Undetermined
Publicado: New York Palgrave Macmillan 1986
Materias:
Etiquetas: Agregar Etiqueta
Sin Etiquetas, Sea el primero en etiquetar este registro!
Thư viện lưu trữ: Trung tâm Học liệu Trường Đại học Cần Thơ
LEADER 01120nam a2200205Ia 4500
001 CTU_116494
008 210402s9999 xx 000 0 und d
020 |c 1003000 
082 |a 330.119 
082 |b S947 
100 |a Sugden, Robert 
245 4 |a The economics of rights, Co-operation and welfare 
245 0 |c Robert Sugden 
260 |a New York 
260 |b Palgrave Macmillan 
260 |c 1986 
520 |a This is a new edition - with a substantial new introduction - of a book which has had a significant impact on economics, philosophy and political science. Robert Sugden shows how conventions of property, mutual aid, and voluntary supply of public goods can evolve spontaneously out of the interactions of self-interested individuals, and can become moral norms. Sugden was among the first social scientists to use evolutionary game theory. His approach remains distinctive in emphasizing psychological and cultural notions of salience. 
650 |a Free enterprise,Liberty,Property,Welfare economics,Social choice 
904 |i Hiếu 
980 |a Trung tâm Học liệu Trường Đại học Cần Thơ